[Event "Liberec Region-chT 2223"]
[Site "Czech Republic"]
[Date "2022.11.13"]
[Round "3.4"]
[White "Novotny, Lubomir"]
[Black "Bores, Roman"]
[Result "1/2-1/2"]
[WhiteElo "1846"]
[BlackElo "2063"]
[PlyCount "68"]
[EventDate "2022.10.09"]
[EventType "team-tourn"]
[EventRounds "11"]
[EventCountry "CZE"]
[SourceTitle "EXT 2024"]
[Source "ChessBase"]
[SourceDate "2023.10.10"]
[SourceVersion "1"]
[SourceVersionDate "2023.10.10"]
[SourceQuality "1"]

1. c4 b6 2. Nc3 Bb7 3. d4 Nf6 4. Nf3 e6 5. Bg5 Bb4 6. Qc2 h6 7. Bh4 g5 8. Bg3 Ne4 9. Nd2 Bxc3 10. bxc3 f5 11. f3 Nxg3 12. hxg3 Qf6 13. e4 d6 14. Bd3 f4 15. e5 dxe5 16. Bg6+ Ke7 17. 0-0-0 Nd7 18. Rhe1 Rag8 19. Be4 Bc8 20. Bc6 fxg3 21. Qb2 exd4 22. cxd4 Nb8 23. Qa3+ Kf7 24. Be4 a5 25. d5 Rd8 26. Nf1 e5 27. Kb1 Qd6 28. Qc1 Na6 29. Nxg3 Nc5 30. Qc2 Rde8 31. Re3 Re7 32. Rde1 Bd7 33. Qb2 Ree8 34. Ka1 Qf6 1/2-1/2

[Event "CZE-chT2C 2223"]
[Site "Czech Republic"]
[Date "2022.11.06"]
[Round "2.7"]
[White "Bores, Roman"]
[Black "Janous, Petr"]
[Result "1/2-1/2"]
[WhiteElo "2073"]
[BlackElo "1982"]
[PlyCount "49"]
[EventDate "2022.10.16"]
[EventType "team-tourn"]
[EventRounds "11"]
[EventCountry "CZE"]
[SourceTitle "EXT 2024"]
[Source "ChessBase"]
[SourceDate "2023.10.10"]
[SourceVersion "1"]
[SourceVersionDate "2023.10.10"]
[SourceQuality "1"]
[WhiteTeam "Ceska Lipa"]
[BlackTeam "Liberec"]
[WhiteTeamCountry "CZE"]
[BlackTeamCountry "CZE"]

1. e4 e5 2. Nf3 Nf6 3. Bc4 Nxe4 4. Nc3 Nd6 5. Bd3 Nc6 6. 0-0 Be7 7. Re1 e4 8. Nxe4 Nxe4 9. Bxe4 d5 10. Bd3 0-0 11. h3 Bf6 12. Bf1 Bf5 13. d3 Qd7 14. c3 Rfe8 15. Bf4 Rxe1 16. Qxe1 Re8 17. Qd2 d4 18. c4 Ne5 19. Nxe5 Bxe5 20. Bxe5 Rxe5 21. Re1 Qe7 22. Rxe5 Qxe5 23. Qe2 Qxe2 24. Bxe2 b6 25. f4 1/2-1/2

[Event "CZE-chT2B 1718"]
[Site "Czech Republic"]
[Date "2018.02.11"]
[Round "8.5"]
[White "Bores, Roman"]
[Black "Brejnik, Gustav"]
[Result "1/2-1/2"]
[WhiteElo "2135"]
[BlackElo "2050"]
[PlyCount "53"]
[EventDate "2017.10.15"]
[EventType "team-tourn"]
[EventRounds "11"]
[EventCountry "CZE"]
[SourceTitle "EXT 2022"]
[Source "ChessBase"]
[SourceDate "2021.10.06"]
[SourceVersion "1"]
[SourceVersionDate "2021.10.06"]
[SourceQuality "1"]
[WhiteTeam "Decin"]
[BlackTeam "Litomerice"]
[WhiteTeamCountry "CZE"]
[BlackTeamCountry "CZE"]

1. e4 c6 2. d4 d5 3. Nc3 dxe4 4. Nxe4 Nf6 5. Nxf6+ exf6 6. c3 Bd6 7. Bd3 0-0 8. Ne2 Re8 9. Qc2 g6 10. Be3 Be6 11. 0-0 Qc7 12. g3 Bd5 13. Nf4 f5 14. Nxd5 cxd5 15. Qd2 Nd7 16. Rae1 Nf6 17. f3 a6 18. Bf2 Nh5 19. Rxe8+ Rxe8 20. Re1 Rc8 21. Kg2 Ng7 22. Bc2 Ne6 23. Bb3 Qa5 24. h4 h5 25. Be3 Qb5 26. Qe2 Qc6 27. Qd2 1/2-1/2

[Event "CZE-chT2B 1718"]
[Site "Czech Republic"]
[Date "2018.01.14"]
[Round "6.7"]
[White "Bores, Roman"]
[Black "Soukal, Roman"]
[Result "1/2-1/2"]
[WhiteElo "2135"]
[BlackElo "1962"]
[PlyCount "73"]
[EventDate "2017.10.15"]
[EventType "team-tourn"]
[EventRounds "11"]
[EventCountry "CZE"]
[SourceTitle "EXT 2022"]
[Source "ChessBase"]
[SourceDate "2021.10.06"]
[SourceVersion "1"]
[SourceVersionDate "2021.10.06"]
[SourceQuality "1"]
[WhiteTeam "Decin"]
[BlackTeam "Zizkov"]
[WhiteTeamCountry "CZE"]
[BlackTeamCountry "CZE"]

1. e4 e5 2. Nf3 Nc6 3. Bc4 Nf6 4. Ng5 d5 5. exd5 Nd4 6. c3 b5 7. Bf1 Nxd5 8. cxd4 Qxg5 9. Bxb5+ Kd8 10. Qf3 Bb7 11. 0-0 Rb8 12. Nc3 exd4 13. d3 Qe5 14. Ne4 Ne7 15. Ba4 f5 16. Ng5 Bxf3 17. Nf7+ Kc8 18. Nxe5 Bd5 19. b3 Ng6 20. Nxg6 hxg6 21. Bf4 Bb4 22. Rac1 Bc3 23. Rc2 Rb6 24. Rfc1 Re6 25. Bd2 Bxd2 26. Rxd2 c6 27. b4 Kb7 28. f4 a6 29. Bb3 Bxb3 30. axb3 Kb6 31. Rc4 Rd8 32. Kf2 Re3 33. Rdc2 Rd6 34. Rxd4 Rxd4 35. Kxe3 Rxb4 36. Rc3 c5 37. g3 1/2-1/2

[Event "CZE-chT2B 1718"]
[Site "Czech Republic"]
[Date "2017.11.05"]
[Round "2.6"]
[White "Kabelka, Ondrej"]
[Black "Bores, Roman"]
[Result "1/2-1/2"]
[WhiteElo "2012"]
[BlackElo "2135"]
[PlyCount "129"]
[EventDate "2017.10.15"]
[EventType "team-tourn"]
[EventRounds "11"]
[EventCountry "CZE"]
[SourceTitle "EXT 2022"]
[Source "ChessBase"]
[SourceDate "2021.10.06"]
[SourceVersion "1"]
[SourceVersionDate "2021.10.06"]
[SourceQuality "1"]
[WhiteTeam "Jicin"]
[BlackTeam "Decin"]
[WhiteTeamCountry "CZE"]
[BlackTeamCountry "CZE"]

1. d4 Nf6 2. c4 e6 3. Nc3 Bb4 4. e3 Bxc3+ 5. bxc3 d6 6. Nf3 0-0 7. Bd3 Nc6 8. 0-0 e5 9. Nd2 Qe7 10. Qc2 Re8 11. d5 Nb8 12. e4 Nh5 13. Nf3 Nd7 14. Re1 Nf4 15. Bf1 f6 16. Be3 g5 17. Rab1 Nc5 18. Qd1 b6 19. Nd2 Bd7 20. g3 Ng6 21. Qh5 Kg7 22. Bg2 Rh8 23. Nf1 Be8 24. Bxc5 Nf8 25. Bxd6 cxd6 26. Qe2 h5 27. Ne3 Bd7 28. a4 h4 29. a5 Rb8 30. axb6 axb6 31. Bf3 Kg6 32. Bg4 Qh7 33. Bxd7 Qxd7 34. Qf3 Kf7 35. Qf5 Ke7 36. c5 dxc5 37. Red1 Qxf5 38. Nxf5+ Kd7 39. Rb5 hxg3 40. fxg3 Kc7 41. Rf1 Ra8 42. Rb2 Nd7 43. h4 Ra3 44. Rf3 Ra1+ 45. Kf2 Rh1 46. Ke2 Ra8 47. hxg5 fxg5 48. Ng7 g4 49. Rf2 Raa1 50. Kd3 Rhd1+ 51. Rbd2 b5 52. Rxd1 Rxd1+ 53. Kc2 Re1 54. Ne8+ Kd8 55. Nd6 b4 56. Rf7 Re3 57. cxb4 cxb4 58. Kd2 Rxg3 59. Nb7+ Kc8 60. Nd6+ Kc7 61. Nc4 Kd8 62. Rg7 b3 63. d6 Nc5 64. Nxe5 Nxe4+ 65. Kc1 1/2-1/2

[Event "CZE-chT2B 1617"]
[Site "Czech Republic"]
[Date "2016.11.13"]
[Round "3.4"]
[White "Bores, Roman"]
[Black "Vltavsky, Vladimir"]
[Result "1/2-1/2"]
[WhiteElo "2137"]
[BlackElo "2185"]
[PlyCount "125"]
[EventDate "2016.10.09"]
[EventType "team-tourn"]
[EventRounds "11"]
[EventCountry "CZE"]
[SourceTitle "EXT 2022"]
[Source "ChessBase"]
[SourceDate "2021.10.06"]
[SourceVersion "1"]
[SourceVersionDate "2021.10.06"]
[SourceQuality "1"]
[WhiteTeam "Decin"]
[BlackTeam "Turnov Zikuda II"]
[WhiteTeamCountry "CZE"]
[BlackTeamCountry "CZE"]

1. e4 c5 2. Nf3 e6 3. d4 cxd4 4. Nxd4 Nc6 5. Nc3 Nf6 6. Ndb5 d6 7. Bf4 e5 8. Bg5 a6 9. Na3 b5 10. Bxf6 gxf6 11. Nd5 Bg7 12. Bd3 Be6 13. 0-0 f5 14. Qh5 f4 15. c4 b4 16. Nc2 Rb8 17. b3 a5 18. a3 bxa3 19. Rxa3 h6 20. Be2 0-0 21. Bg4 Rb7 22. Bf5 Qg5 23. Qxg5 hxg5 24. g4 Rfb8 25. Rb1 Kf8 26. Kg2 Ke8 27. Bxe6 fxe6 28. Nc3 Bf8 29. Nb5 d5 30. Raa1 dxc4 31. bxc4 Bc5 32. Rd1 Ke7 33. Rd3 Rd7 34. Rxd7+ Kxd7 35. Rd1+ Ke7 36. Rd3 Nb4 37. Nxb4 axb4 38. Rb3 Ra8 39. Rb2 Ra1 40. h4 gxh4 41. g5 Kf7 42. Rd2 b3 43. Rb2 Ra2 44. Rxb3 Bxf2 45. Kh3 Bc5 46. Kxh4 Be7 47. Rd3 Rh2+ 48. Kg4 Rg2+ 49. Kh3 Rxg5 50. Rd7 Rg3+ 51. Kh2 Ke8 52. Rc7 Rd3 53. c5 Rd2+ 54. Kh3 Rd3+ 55. Kh2 Rd2+ 56. Kh3 Rd3+ 57. Kh2 Rb3 58. Nd6+ Bxd6 59. cxd6 Re3 60. Re7+ Kd8 61. Rxe6 Rxe4 62. Kg2 Re3 63. Kf2 1/2-1/2

[Event "CZE-chT2B 1516"]
[Site "Czech Republic"]
[Date "2015.12.06"]
[Round "4.5"]
[White "Krtous, Zdenek"]
[Black "Bores, Roman"]
[Result "0-1"]
[WhiteElo "2059"]
[BlackElo "2132"]
[PlyCount "64"]
[EventDate "2015.10.18"]
[EventType "team-tourn"]
[EventRounds "11"]
[EventCountry "CZE"]
[SourceTitle "EXT 2022"]
[Source "ChessBase"]
[SourceDate "2021.10.06"]
[SourceVersion "1"]
[SourceVersionDate "2021.10.06"]
[SourceQuality "1"]
[WhiteTeam "Turnov Zikuda III"]
[BlackTeam "Decin"]
[WhiteTeamCountry "CZE"]
[BlackTeamCountry "CZE"]

1. e4 c5 2. Nf3 d6 3. d4 cxd4 4. Nxd4 Nf6 5. Nc3 a6 6. h3 e5 7. Nde2 h5 8. Bg5 Be7 9. Bxf6 Bxf6 10. Nd5 Nd7 11. Nec3 Bg5 12. h4 Bh6 13. Be2 g6 14. g4 hxg4 15. Bxg4 Nf6 16. Nxf6+ Qxf6 17. Nd5 Qd8 18. Qf3 0-0 19. Qg3 Kg7 20. Rg1 Rh8 21. Rd1 Bf4 22. Nxf4 exf4 23. Qxf4 Rxh4 24. f3 Qb6 25. Kf1 Bxg4 26. fxg4 Qxb2 27. Rxd6 Qb1+ 28. Kf2 Qxc2+ 29. Kf1 Rh2 30. Rxg6+ Kxg6 31. Qf5+ Kg7 32. Qe5+ Kf8 0-1

[Event "CZE-chT2B 1415"]
[Site "Czech Republic"]
[Date "2014.12.14"]
[Round "4.6"]
[White "Bores, Roman"]
[Black "Hadraba, Vladimir"]
[Result "1/2-1/2"]
[WhiteElo "2093"]
[BlackElo "2194"]
[PlyCount "111"]
[EventDate "2014.11.02"]
[EventType "team-tourn"]
[EventRounds "11"]
[EventCountry "CZE"]
[SourceTitle "EXT 2022"]
[Source "ChessBase"]
[SourceDate "2021.10.06"]
[SourceVersion "1"]
[SourceVersionDate "2021.10.06"]
[SourceQuality "1"]
[WhiteTeam "Decin"]
[BlackTeam "Teplice"]
[WhiteTeamCountry "CZE"]
[BlackTeamCountry "CZE"]

1. e4 c5 2. Nf3 e6 3. d4 cxd4 4. Nxd4 a6 5. Nc3 Qc7 6. Bd3 Nf6 7. 0-0 Nc6 8. Be3 Ne5 9. h3 b5 10. f4 Nc4 11. Bxc4 Qxc4 12. e5 Nd5 13. Nxd5 Qxd5 14. Qg4 Bb7 15. Rfd1 Qe4 16. Rd3 Rc8 17. Rad1 Bd5 18. b3 Qg6 19. Qxg6 hxg6 20. R3d2 Bb4 21. Rf2 Be4 22. Bd2 Bc5 23. c3 0-0 24. b4 Bxd4 25. cxd4 Rc4 26. Be1 Rfc8 27. Re2 Bd5 28. a3 f6 29. Kf2 Kf7 30. h4 Rh8 31. Ke3 Ke7 32. g3 d6 33. exd6+ Kxd6 34. Bd2 Rhc8 35. Ree1 f5 36. Rc1 Be4 37. Rxc4 Rxc4 38. Rc1 Kd5 39. Bc3 Rc6 40. Kd2 Rc8 41. Ke3 Rc7 42. Kd2 Rc6 43. Re1 Kc4 44. Re3 Kb3 45. d5 exd5 46. Bxg7+ Ka4 47. Rc3 Rxc3 48. Bxc3 Kxa3 49. Ke3 Kb3 50. Kd4 Kc2 51. Ba1 Kd2 52. Ke5 Bf3 53. Kf6 Bh5 54. Ke6 Ke3 55. Kxd5 Kf3 56. Bf6 1/2-1/2

[Event "CZE-chT1W 1314"]
[Site "Czech Republic"]
[Date "2014.01.26"]
[Round "6.8"]
[White "Cmiko, Jakub"]
[Black "Bores, Roman"]
[Result "1-0"]
[WhiteElo "2068"]
[BlackElo "2120"]
[PlyCount "91"]
[EventDate "2013.10.20"]
[EventType "team-tourn"]
[EventRounds "11"]
[EventCountry "CZE"]
[SourceTitle "EXT 2015"]
[Source "ChessBase"]
[SourceDate "2014.11.20"]
[SourceVersion "1"]
[SourceVersionDate "2014.11.20"]
[SourceQuality "1"]
[WhiteTeam "Praha Oaza"]
[BlackTeam "Novoborsky II"]
[WhiteTeamCountry "CZE"]
[BlackTeamCountry "CZE"]

1. e4 c5 2. Nf3 d6 3. d4 cxd4 4. Nxd4 Nf6 5. Nc3 a6 6. Be2 e5 7. Nb3 Be7 8. Be3 Be6 9. 0-0 Nbd7 10. a4 0-0 11. Kh1 Rc8 12. f4 Qc7 13. f5 Bc4 14. g4 h6 15. a5 d5 16. exd5 Bb4 17. Ra4 Bxe2 18. Nxe2 Nxg4 19. Bg1 Qc4 20. Ng3 Qb5 21. Qxg4 Rc4 22. Qe2 Rfc8 23. Raa1 Qxd5+ 24. Qf3 Qxf3+ 25. Rxf3 Rxc2 26. Rb1 Nf6 27. Re3 Re8 28. Re2 Rc4 29. Rd1 h5 30. Bb6 h4 31. Nf1 g6 32. fxg6 fxg6 33. Ne3 Re4 34. Rg2 Kh7 35. Rdg1 Rg8 36. Rc1 Rg7 37. Rc4 Be7 38. Rxe4 Nxe4 39. Ng4 Rf7 40. Nxe5 Rf1+ 41. Rg1 Rxg1+ 42. Kxg1 Kh6 43. Kg2 Kh5 44. Nd3 g5 45. Nbc5 g4 46. Nxe4 1-0

[Event "CZE-chT2B 1314"]
[Site "Czech Republic"]
[Date "2014.01.05"]
[Round "5.3"]
[White "Bores, Roman"]
[Black "Gregor, Jiri"]
[Result "0-1"]
[WhiteElo "2120"]
[BlackElo "2248"]
[PlyCount "98"]
[EventDate "2013.11.03"]
[EventType "team-tourn"]
[EventRounds "11"]
[EventCountry "CZE"]
[SourceTitle "EXT 2015"]
[Source "ChessBase"]
[SourceDate "2014.11.20"]
[SourceVersion "1"]
[SourceVersionDate "2014.11.20"]
[SourceQuality "1"]
[WhiteTeam "Novoborsky III"]
[BlackTeam "Neratovice"]
[WhiteTeamCountry "CZE"]
[BlackTeamCountry "CZE"]

1. e4 c5 2. Nf3 Nc6 3. d4 cxd4 4. Nxd4 Nf6 5. Nc3 d6 6. f3 e6 7. Be3 a6 8. Qd2 Be7 9. g4 h6 10. 0-0-0 Bd7 11. h4 b5 12. Qg2 b4 13. Nxc6 Bxc6 14. Ne2 Qa5 15. Kb1 d5 16. Nd4 Bb7 17. g5 Nd7 18. g6 Bf6 19. gxf7+ Kxf7 20. Rg1 Rac8 21. Bd3 dxe4 22. Bxe4 Bxe4 23. fxe4 Qe5 24. Bc1 Nc5 25. Nf3 Qxe4 26. Rd7+ Ke8 27. Rxg7 Bxg7 28. Qxg7 Rh7 29. Qg8+ Kd7 30. Rg7+ Rxg7 31. Qxg7+ Kc6 32. Nd4+ Kb6 33. Qg1 Kb7 34. Bxh6 e5 35. Nb3 Nxb3 36. axb3 Rxc2 37. Ka2 Qd4 38. Qb1 Rg2 39. Qh7+ Kb6 40. Bc1 e4 41. h5 Rg3 42. Qh6+ Kb5 43. Bf4 Rxb3 44. Qg5+ Ka4 45. Bc1 Qc4 46. Kb1 Rd3 47. h6 b3 48. h7 Qc2+ 49. Ka1 Rd1 0-1

[Event "Novy Bor op-A"]
[Site "Novy Bor"]
[Date "2013.02.15"]
[Round "8"]
[White "Bores, Roman"]
[Black "Nelyubin, Sergey"]
[Result "1-0"]
[WhiteElo "2163"]
[BlackElo "1991"]
[PlyCount "121"]
[EventDate "2013.02.09"]
[EventType "swiss"]
[EventRounds "9"]
[EventCountry "CZE"]
[SourceTitle "CBM 152 Extra"]
[Source "ChessBase"]
[SourceDate "2013.02.25"]
[SourceVersion "1"]
[SourceVersionDate "2013.02.25"]
[SourceQuality "1"]

1. e4 d5 2. exd5 Qxd5 3. Nc3 Qd6 4. d4 Nf6 5. Nf3 a6 6. h3 Bf5 7. Bd3 Bxd3 8. Qxd3 Nc6 9. Be3 e6 10. a3 Be7 11. 0-0 0-0 12. Rad1 Rfd8 13. Rfe1 h6 14. Nd2 Qd7 15. Nf3 Bd6 16. Ne4 Qe7 17. c4 Nxe4 18. Qxe4 Qf6 19. b4 Qf5 20. Qxf5 exf5 21. c5 Bf8 22. Bf4 Rac8 23. d5 Nb8 24. h4 a5 25. Rd4 axb4 26. axb4 Nd7 27. c6 bxc6 28. dxc6 Nf6 29. b5 Rxd4 30. Nxd4 Nd5 31. g3 Nxf4 32. gxf4 g6 33. Kg2 Bc5 34. Nb3 Bb6 35. Nd2 Ba5 36. Re2 Bxd2 37. Rxd2 Rb8 38. Rd5 Kf8 39. Kf3 Ke8 40. Ke3 Rd8 41. Kd4 Rxd5+ 42. Kxd5 Ke7 43. Kc5 Kd8 44. b6 cxb6+ 45. Kxb6 Kc8 46. Kc5 f6 47. Kd6 g5 48. fxg5 fxg5 49. hxg5 hxg5 50. Ke5 f4 51. Kf5 f3 52. Kxg5 Kc7 53. Kf4 Kxc6 54. Kxf3 Kd5 55. Kf4 Ke6 56. Kg5 Kf7 57. Kf5 Ke7 58. Ke5 Kf8 59. Kf6 Kg8 60. f4 Kf8 61. f5 1-0

[Event "Novy Bor op-A"]
[Site "Novy Bor"]
[Date "2013.02.14"]
[Round "7"]
[White "Bores, Roman"]
[Black "Voith, Walter"]
[Result "1-0"]
[WhiteElo "2163"]
[BlackElo "1692"]
[PlyCount "48"]
[EventDate "2013.02.09"]
[EventType "swiss"]
[EventRounds "9"]
[EventCountry "CZE"]
[SourceTitle "CBM 152 Extra"]
[Source "ChessBase"]
[SourceDate "2013.02.25"]
[SourceVersion "1"]
[SourceVersionDate "2013.02.25"]
[SourceQuality "1"]

1. e4 g6 2. d4 Bg7 3. Nc3 c6 4. f4 d5 5. e5 h5 6. Nf3 Bg4 7. h3 Bxf3 8. Qxf3 e6 9. Be3 Nh6 10. Bd3 h4 11. 0-0 Nf5 12. Bf2 Nd7 13. a4 a5 14. Ne2 Bf8 15. b3 Be7 16. c4 Bb4 17. Rfd1 Nb6 18. c5 Nc8 19. Rdc1 Kd7 20. Rc2 Qf8 21. Nc1 Nce7 22. Bf1 Qh6 23. Nd3 g5 24. fxg5 Qxg5 1-0

[Event "CZE-chT2B 1213"]
[Site "Czech Republic"]
[Date "2013.01.20"]
[Round "7.5"]
[White "Zahorbensky, Jaroslav"]
[Black "Bores, Roman"]
[Result "1/2-1/2"]
[WhiteElo "2150"]
[BlackElo "2163"]
[PlyCount "40"]
[EventDate "2012.10.14"]
[EventType "team-tourn"]
[EventRounds "11"]
[EventCountry "CZE"]
[SourceTitle "EXT 2015"]
[Source "ChessBase"]
[SourceDate "2014.11.20"]
[SourceVersion "1"]
[SourceVersionDate "2014.11.20"]
[SourceQuality "1"]
[WhiteTeam "Mlada Boleslav"]
[BlackTeam "Decin"]
[WhiteTeamCountry "CZE"]
[BlackTeamCountry "CZE"]

1. e4 c5 2. Nf3 d6 3. Bb5+ Bd7 4. Bxd7+ Nxd7 5. 0-0 Ngf6 6. Nc3 e5 7. d3 Be7 8. Nh4 g6 9. f4 exf4 10. Nf3 Nh5 11. Nd5 Bf6 12. c3 0-0 13. Nxf4 Nxf4 14. Bxf4 Ne5 15. Kh1 Nxf3 16. Qxf3 Bg5 17. Rad1 Bxf4 18. Qxf4 Qe7 19. Rf3 f5 20. Re1 Rae8 1/2-1/2

[Event "CZE-chT2B 1213"]
[Site "Czech Republic"]
[Date "2012.12.16"]
[Round "5.4"]
[White "Bores, Roman"]
[Black "Vltavsky, Vladimir"]
[Result "0-1"]
[WhiteElo "2163"]
[BlackElo "2177"]
[PlyCount "60"]
[EventDate "2012.10.14"]
[EventType "team-tourn"]
[EventRounds "11"]
[EventCountry "CZE"]
[SourceTitle "EXT 2015"]
[Source "ChessBase"]
[SourceDate "2014.11.20"]
[SourceVersion "1"]
[SourceVersionDate "2014.11.20"]
[SourceQuality "1"]
[WhiteTeam "Decin"]
[BlackTeam "Turnov Zikuda II"]
[WhiteTeamCountry "CZE"]
[BlackTeamCountry "CZE"]

1. e4 e5 2. Nf3 Nc6 3. Bc4 Bc5 4. c3 Nf6 5. d3 h6 6. Bb3 d6 7. 0-0 Bg4 8. h3 Bh5 9. Re1 Nh7 10. g4 Bg6 11. Nbd2 h5 12. Nf1 hxg4 13. hxg4 Nf6 14. N3h2 Qd7 15. Be3 Rh4 16. Bg5 Rh7 17. Bxf6 gxf6 18. Ng3 Bxf2+ 19. Kxf2 Rxh2+ 20. Kf3 Rh4 21. Nf5 Bxf5 22. gxf5 Ne7 23. Rh1 Rf4+ 24. Ke3 0-0-0 25. Rh7 d5 26. Qh5 Qc6 27. Qxf7 Qb6+ 28. d4 Rxe4+ 29. Kd2 exd4 30. cxd4 Rxd4+ 0-1

[Event "CZE-chT2B 1213"]
[Site "Czech Republic"]
[Date "2012.12.02"]
[Round "4.5"]
[White "Bores, Roman"]
[Black "Novacek, Jan"]
[Result "1/2-1/2"]
[WhiteElo "2163"]
[BlackElo "2124"]
[PlyCount "73"]
[EventDate "2012.10.14"]
[EventType "team-tourn"]
[EventRounds "11"]
[EventCountry "CZE"]
[SourceTitle "EXT 2015"]
[Source "ChessBase"]
[SourceDate "2014.11.20"]
[SourceVersion "1"]
[SourceVersionDate "2014.11.20"]
[SourceQuality "1"]
[WhiteTeam "Decin"]
[BlackTeam "Postovni sporitelna II"]
[WhiteTeamCountry "CZE"]
[BlackTeamCountry "CZE"]

1. e4 d5 2. exd5 Qxd5 3. Nc3 Qa5 4. d4 Nf6 5. Nf3 Bg4 6. h3 Bh5 7. Bd2 c6 8. g4 Bg6 9. Bc4 e6 10. Qe2 Nbd7 11. 0-0-0 Be7 12. Nh4 Qb6 13. Nxg6 hxg6 14. f4 Kf8 15. Rhe1 Re8 16. Qd3 Nd5 17. Bxd5 exd5 18. g5 Qd8 19. Rf1 Nb6 20. f5 Bxg5 21. fxg6 Bxd2+ 22. Rxd2 f6 23. Re2 Nc8 24. Rfe1 Rxe2 25. Nxe2 Rh4 26. Qg3 Re4 27. Nf4 Qe8 28. Rxe4 Qxe4 29. c3 Nd6 30. Qg4 Nf5 31. b4 Ke7 32. Kb2 Kd6 33. Nh5 Qe3 34. Kc2 Qf2+ 35. Kd3 Qf1+ 36. Kd2 Qf2+ 37. Kd3 1/2-1/2

[Event "CZE-chT2B 1213"]
[Site "Czech Republic"]
[Date "2012.11.18"]
[Round "3.4"]
[White "Bores, Roman"]
[Black "Munk, Petr"]
[Result "1-0"]
[WhiteElo "2163"]
[BlackElo "2240"]
[PlyCount "44"]
[EventDate "2012.10.14"]
[EventType "team-tourn"]
[EventRounds "11"]
[EventCountry "CZE"]
[SourceTitle "EXT 2015"]
[Source "ChessBase"]
[SourceDate "2014.11.20"]
[SourceVersion "1"]
[SourceVersionDate "2014.11.20"]
[SourceQuality "1"]
[WhiteTeam "Decin"]
[BlackTeam "Lysa nad Labem III"]
[WhiteTeamCountry "CZE"]
[BlackTeamCountry "CZE"]

1. e4 c5 2. Nf3 Nc6 3. d4 cxd4 4. Nxd4 Nf6 5. Nc3 d6 6. f3 e5 7. Nb3 Be6 8. Nd5 Be7 9. Be3 0-0 10. Qd2 Bxd5 11. exd5 Nb8 12. Be2 Nh5 13. 0-0 Nd7 14. Na5 Qc7 15. c4 Nf4 16. b4 Bg5 17. Rfc1 Nxe2+ 18. Qxe2 Bxe3+ 19. Qxe3 b6 20. Nc6 Nb8 21. b5 a5 22. f4 f6 1-0

[Event "CZE-chT2B 1112"]
[Site "Czech Republic"]
[Date "2012.04.22"]
[Round "11.5"]
[White "Bargel, Martin"]
[Black "Bores, Roman"]
[Result "0-1"]
[WhiteElo "2162"]
[BlackElo "2139"]
[PlyCount "108"]
[EventDate "2011.10.09"]
[EventType "team-tourn"]
[EventRounds "11"]
[EventCountry "CZE"]
[SourceTitle "EXT 2013"]
[Source "ChessBase"]
[SourceDate "2012.11.22"]
[SourceVersion "1"]
[SourceVersionDate "2012.11.22"]
[SourceQuality "1"]
[WhiteTeam "Neratovice"]
[BlackTeam "Novoborsky"]
[WhiteTeamCountry "CZE"]
[BlackTeamCountry "CZE"]

1. e4 c5 2. Nf3 d6 3. d4 cxd4 4. Nxd4 Nf6 5. Nc3 a6 6. Bg5 e6 7. f4 Qb6 8. Nb3 Nbd7 9. Qf3 Be7 10. 0-0-0 Qc7 11. Bd3 b5 12. a3 Rb8 13. Rhe1 b4 14. axb4 Rxb4 15. Qh3 e5 16. g4 exf4 17. e5 dxe5 18. Bf5 Rxb3 19. cxb3 g6 20. Bxd7+ Bxd7 21. Qh4 Bxg4 22. Bxf6 Bxd1 23. Rxd1 Bxf6 24. Qxf6 0-0 25. h4 Re8 26. h5 Qe7 27. Qc6 Kg7 28. Rd7 Qe6 29. Rd6 Qc8 30. Qd5 Re7 31. Qh1 h6 32. Qd5 Qg4 33. Qc5 Qxh5 34. Rd8 Qh1+ 35. Kc2 Re6 36. Nd5 Qe4+ 37. Kd2 Qd4+ 38. Qxd4 exd4 39. Nxf4 Rb6 40. Kc2 g5 41. Ne2 h5 42. Nxd4 h4 43. Nf3 f6 44. Rd3 Kg6 45. Kc3 Kh5 46. Nh2 f5 47. Rd5 Rb5 48. Rd4 g4 49. b4 h3 50. Nf1 Kh4 51. Kd3 Re5 52. Rf4 Kg5 53. Rc4 Re1 54. Ng3 Rg1 0-1

[Event "Novy Bor op 3rd"]
[Site "Novy Bor"]
[Date "2012.02.17"]
[Round "8"]
[White "Nguyen, Thai Dai Van"]
[Black "Bores, Roman"]
[Result "1/2-1/2"]
[WhiteElo "1784"]
[BlackElo "2139"]
[PlyCount "78"]
[EventDate "2012.02.11"]
[EventType "swiss"]
[EventRounds "9"]
[EventCountry "CZE"]
[SourceTitle "CBM 147 Extra"]
[Source "ChessBase"]
[SourceDate "2012.04.24"]
[SourceVersion "1"]
[SourceVersionDate "2012.04.24"]
[SourceQuality "1"]

1. e4 c5 2. Nf3 d6 3. d4 cxd4 4. Nxd4 Nf6 5. Nc3 a6 6. Be2 e5 7. Nb3 Be6 8. f4 Qc7 9. g4 h6 10. g5 hxg5 11. fxg5 Nfd7 12. Bg4 Nb6 13. Bxe6 fxe6 14. Qg4 Qd7 15. g6 Nc6 16. Bg5 Be7 17. 0-0-0 Bxg5+ 18. Qxg5 Qe7 19. Qg4 0-0-0 20. Rhf1 Rdf8 21. Nd5 Nxd5 22. exd5 Nd8 23. Rxf8 Rxf8 24. dxe6 Rf4 25. Qe2 Nxe6 26. Qd2 Nd4 27. Nxd4 Rxd4 28. Qc3+ Kb8 29. Rxd4 exd4 30. Qg3 Kc7 31. h4 Qe2 32. b3 Kd7 33. Kb1 Qe5 34. Qg4+ Ke7 35. h5 Qe3 36. Qf5 Qe1+ 37. Kb2 Qc3+ 38. Kb1 Qe1+ 39. Kb2 Qc3+ 1/2-1/2

[Event "Novy Bor op 3rd"]
[Site "Novy Bor"]
[Date "2012.02.15"]
[Round "6"]
[White "Chudinovskih, Alexander N"]
[Black "Bores, Roman"]
[Result "1-0"]
[WhiteElo "2276"]
[BlackElo "2139"]
[PlyCount "53"]
[EventDate "2012.02.11"]
[EventType "swiss"]
[EventRounds "9"]
[EventCountry "CZE"]
[SourceTitle "CBM 147 Extra"]
[Source "ChessBase"]
[SourceDate "2012.04.24"]
[SourceVersion "1"]
[SourceVersionDate "2012.04.24"]
[SourceQuality "1"]

1. e4 c5 2. Nf3 d6 3. Bb5+ Bd7 4. Bxd7+ Qxd7 5. c4 Nc6 6. d4 cxd4 7. Nxd4 Nf6 8. Nc3 g6 9. 0-0 Bg7 10. h3 0-0 11. Be3 Qd8 12. Rc1 Qa5 13. b3 Rfe8 14. Qf3 Nd7 15. Rfd1 Nxd4 16. Bxd4 Bxd4 17. Rxd4 Qg5 18. Rcd1 Ne5 19. Qe2 Rac8 20. Nd5 Nc6 21. R4d3 Qh4 22. Kh2 Ne5 23. Rg3 e6 24. Nc3 Rc6 25. Nb5 a6 26. Nxd6 Rd8 27. Nxb7 1-0

[Event "Novy Bor op 3rd"]
[Site "Novy Bor"]
[Date "2012.02.14"]
[Round "4"]
[White "Bartos, Jan"]
[Black "Bores, Roman"]
[Result "1-0"]
[WhiteElo "2231"]
[BlackElo "2139"]
[PlyCount "63"]
[EventDate "2012.02.11"]
[EventType "swiss"]
[EventRounds "9"]
[EventCountry "CZE"]
[SourceTitle "CBM 147 Extra"]
[Source "ChessBase"]
[SourceDate "2012.04.24"]
[SourceVersion "1"]
[SourceVersionDate "2012.04.24"]
[SourceQuality "1"]

1. d4 Nf6 2. Nf3 e6 3. c4 Bb4+ 4. Bd2 Qe7 5. g3 Nc6 6. Nc3 0-0 7. Bg2 Bxc3 8. Bxc3 Ne4 9. Rc1 d6 10. d5 Nxc3 11. Rxc3 Nb8 12. dxe6 fxe6 13. Nd4 Kh8 14. 0-0 e5 15. Nc2 Nc6 16. b4 Bf5 17. Ne3 a6 18. b5 Nd8 19. Nxf5 Rxf5 20. Qd3 Rf6 21. Ra3 c6 22. bxa6 Rxa6 23. Rxa6 bxa6 24. Rb1 Qa7 25. Qe3 Qxe3 26. fxe3 Kg8 27. Rb6 Kf8 28. Rxa6 Rf7 29. Ra8 Ke7 30. a4 Kd7 31. Bh3+ Kc7 32. Rc8+ 1-0